000
00296nam a22001217a 4500
082
_a
300
_b
REL/Q
100
_a
RELIABLE
245
_a
QUESTION BANK SOCIAL SCIENCE
_b
FOR CLASS IX
260
_a
DELHI
_b
RELIABLE ENTERPRISES
300
_a
208
650
_a
SOCIAL SCIENCE FOR CLASS IX
_z
INDIA
942
_c
BK
999
_c
939
_d
939